Yüklüyor......
Anthropology made simple/
| Yazar: | |
|---|---|
| Materyal Türü: | Printed Book |
| Dil: | English |
| Baskı/Yayın Bilgisi: |
London,
1969.
|
| Konular: |
| LEADER | 00552nam a2200169 4500 | ||
|---|---|---|---|
| 005 | 20170425112537.0 | ||
| 008 | 170425b xxu||||| |||| 00| 0 eng d | ||
| 999 | |c 17840 |d 17840 | ||
| 020 | |a 0491001924 | ||
| 082 | 0 | 0 | |a P 572 |b LEW |
| 100 | 1 | |a Lewis, John, | |
| 245 | 1 | 0 | |a Anthropology made simple/ |c John Lewis |
| 260 | |a London, |c 1969. | ||
| 300 | |a xii, 282p. | ||
| 650 | 0 | |a Anthropology. | |
| 942 | |2 ddc |c BK | ||
| 952 | |0 0 |1 0 |2 ddc |4 0 |5 1 |6 P_572_000000000000000_LEW |7 0 |9 24978 |a MAIN |b MAIN |d 2017-04-25 |e Prabodhachandra shekharam |o P 572 LEW |p 25524 |r 2017-04-25 |w 2017-04-25 |y BK | ||